Dawne flagi państw - Statystyki

Ogólne statystyki
  • Ten quiz został rozwiązany 73 razy
  • Średni wynik to 9 z 12
Statystyki odpowiedzi
Obrazkowy Odpowiedź % Poprawnych
Chiny
96%
Libia
90%
Litwa
90%
Kanada
87%
Mongolia
87%
Republika Południowej Afryki
87%
Rosja
85%
Gruzja
77%
Tajlandia
73%
Mołdawia
71%
Jemen
48%
Egipt
42%
Nie znaleziono quizów pasujących do podanych kryteriów
Rozkład punktacji
Procent ludzi z każdym wynikiem
Percentyl według liczby udzielonych odpowiedzi
Twoja historia wyników
Nie rozwiązałeś tego quizu